L'année 2010 en sport - Statistiques

Statistiques générales
  • Ce quiz a été pris 166 fois
  • Le résultat moyen est 9 sur 15
Statistiques - réponses
Hint Réponse % Correct
Nation finaliste de la coupe du monde de football face à l'Espagne Pays-Bas
90%
Footballeur français ayant été exclu de l'équipe de France lors de la coupe du monde Nicolas Anelka
85%
Meilleure nation des championnats du monde de descente de canoë-kayak France
83%
Nation remportant sa 7ème coupe d'Afrique des nations de football Egypte
82%
Ville accueillant la finale de la coupe du monde de football Johannesbourg
80%
Ecurie de formule 1, championne du monde des constructeurs pour la première fois Red Bull
75%
Sprinteur français remportant 3 médailles d'or aux championnats d'Europe d'athlétisme Christophe Lemaitre
71%
Ville nord-américaine, hôte des jeux olympiques d'hiver Vancouver
71%
Rugbyman français surnommé "The Dark Destroyer", capitaine de l'équipe de France, remportant le tournoi des 6 nations Thierry Dusautoir
60%
Entraineur de l'équipe de France, vainqueur du championnat d'Europe masculin de handball Claude Onesta
52%
Nation remportant la coupe du monde féminine de rugby Pays de Galles
44%
Cycliste français, double vainqueur du tour de France 1983 et 1984, décédé à l'âge de 50 ans Laurent Fignon
43%
Patineur français, médaillé de bronze aux championnats du monde de patinage artistique Brian Joubert
33%
Nageuse italienne, adversaire de longue date de Laure Manaudou, remportant le 200 mètres nage libre aux championnat d'Europe de natation Federica Pellegrini
31%
Catégorie de poids correspondant à celui de Lucie Décosse, championne du monde de judo Moyens
1%
Aucun quiz correspondant
Distribution des résultats
% des personnes avec chaque résultat
Percentile par nombre de réponses
Votre historique - résultats
Vous n’avez pas pris ce quiz